00341nam a2200121Ia 4500008004100000020001500041041001200056100001900068245006600087260004800153300000800201650001000209221030s9999 xx 000 0 und d a8131807408 aEnglish aJ. Chakravorty 0aAnalysis of Electrical Circuits & Networkscby J. Chakravorty bUniversities Science PressaNew Delhic2011 a415 aBB EE